La escritura infantil : (Record no. 100350)
[ view plain ]
| 000 -CABECERA | |
|---|---|
| campo de control de longitud fija | 00720nam a2200217 a 4500 |
| 005 - FECHA Y HORA DE LA ÚLTIMA TRANSACCIÓN | |
| campo de control | 20230609063520.0 |
| 008 - ELEMENTOS DE LONGITUD FIJA--INFORMACIÓN GENERAL | |
| campo de control de longitud fija | 030825s1958 mx r 000 0 spa d |
| 035 ## - NÚMERO DE CONTROL DEL SISTEMA | |
| Número de control de sistema | UPN01000128171 |
| 049 ## - COLECCIÓN | |
| Colección | CG |
| 050 #4 - SIGNATURA TOPOGRÁFICA DE LA BIBLIOTECA DEL CONGRESO | |
| Número de clasificación | BF905 C5 |
| Número de documento/Ítem | H6.3 1958 |
| 100 1# - ASIENTO PRINCIPAL--NOMBRE PERSONAL | |
| Nombre de persona | Honroth, Curt A. |
| 245 13 - MENCIÓN DE TÍTULO | |
| Título | La escritura infantil : |
| Resto del título | estudio del estado psicosomático del niño a través de su expresión gráfica / |
| Mención de responsabilidad, etc. | Curt Honroth, Ramón Ribera. |
| 250 ## - MENCIÓN DE EDICIÓN | |
| Mención de edición | 2a ed. |
| 260 ## - PUBLICACIÓN, DISTRIBUCIÓN, ETC. | |
| Lugar de publicación, distribución, etc. | Buenos Aires : |
| Nombre del editor, distribuidor, etc. | Kapelusz, |
| Fecha de publicación, distribución, etc. | 1958. |
| 300 ## - DESCRIPCIÓN FÍSICA | |
| Extensión | 112 p. + |
| Material acompañante/anejo | 24 p. de ejemplos. |
| 440 #0 - MENCIÓN DE SERIE/ASIENTO SECUNDARIO--TÍTULO | |
| Título | Biblioteca de cultura pedagógica ; |
| Designación de volumen o secuencia | 33 |
| 650 #4 - ASIENTO SECUNDARIO DE MATERIA - TERMINO TEMATICO | |
| Término de materia o nombre geográfico como elemento de entrada | GRAFOLOGIA |
| 9 (RLIN) | 8932 |
| 650 #4 - ASIENTO SECUNDARIO DE MATERIA - TERMINO TEMATICO | |
| Término de materia o nombre geográfico como elemento de entrada | Psicología infantil |
| 9 (RLIN) | 90 |
| 700 1# - ASIENTO SECUNDARIO--NOMBRE DE PERSONAL | |
| Nombre de persona | Ribera, Ramón, |
| Término indicativo de función/relación | coaut. |
| 905 ## - TIPO DE MATERIAL | |
| Tipo de material | Libro |
| Estado de retiro | Estado de pérdida | Fuente del sistema de clasificación o colocación | Estado dañado | No para préstamo | Código de colección | Localización permanente | Ubicación/localización actual | Ubicación en estantería | Total de préstamos | Clasificación | Código de barras | Fecha visto por última vez | Número de copia | Tipo de ítem Koha |
|---|---|---|---|---|---|---|---|---|---|---|---|---|---|---|
| Library of Congress Classification | Colección General | Bib. Gregorio Torres Quintero | Bib. Gregorio Torres Quintero | Planta baja | 4 | BF905 C5 H6.5 1958 | 17807 | 31/12/2020 | 1 | Libro |
